Hydraulická sústava uDAQ28/3H z pohľadu priemyselného riadenia
Guardado en:
| Autor principal: | |
|---|---|
| Otros Autores: | |
| Formato: | Manuscrito Libro |
| Lenguaje: | eslovaco |
| Materias: | |
| Acceso en línea: | http://is.stuba.sk/zp/portal_zp.pl?podrobnosti=93653 |
| Etiquetas: |
Sin Etiquetas, Sea el primero en etiquetar este registro!
|
MARC
| LEADER | 00000ntm a22000003a 4500 | ||
|---|---|---|---|
| 001 | stuzp46956 | ||
| 003 | SK-STU | ||
| 005 | 20160229160114.9 | ||
| 007 | ta | ||
| 008 | 150427s2015----xo-----f-mn---000-0-slo-d | ||
| 040 | |a STU |b slo | ||
| 041 | 0 | |a slo | |
| 100 | 1 | |a Jaroš, Branislav |u 047000 |4 aut |U FCHPT Fakulta chemickej a potravinárskej technológie |T FCHPT Ústav informatizácie, automatizácie a matematiky |X 61831 |U C7000 |Y 105 |7 61831 | |
| 242 | 0 | 1 | |a Hydraulic plant uDAQ28/3H industrial control |y eng |
| 245 | 1 | 0 | |a Hydraulická sústava uDAQ28/3H z pohľadu priemyselného riadenia |
| 650 | 4 | |a STEP7 |2 slo | |
| 650 | 4 | |a PLC |2 slo | |
| 650 | 4 | |a hydraulická sústava |2 slo | |
| 650 | 4 | |a eWON |2 slo | |
| 650 | 4 | |a hydraulic plant |2 eng | |
| 650 | 4 | |a PLC |2 eng | |
| 650 | 4 | |a STEP7 |2 eng | |
| 650 | 4 | |a eWON |2 eng | |
| 700 | 1 | |a Valo, Richard |4 ths |X 10204 |7 10204 | |
| 856 | 4 | |u http://is.stuba.sk/zp/portal_zp.pl?podrobnosti=93653 | |
| SQL | |a stuzp46956 |b DBP |c SLO |d Hydraulická sústava uDAQ28/3H z pohľadu priemyselného riadenia |e 61831 |f Jaroš, Branislav |g 047000 |h 10204 |i Valo, Richard |j 20140714 |k 104 |l 04 |m http://is.stuba.sk/zp/portal_zp.pl?podrobnosti=93653 | ||